| 000 | 00876nam a2200277ua 4500 | ||
|---|---|---|---|
| 003 | CO-ViMGA | ||
| 005 | 20230915225023.0 | ||
| 008 | 110325s2011 ck a jr 0001j spa d | ||
| 020 | _a9789583037399 | ||
| 040 |
_aCO-ViMGA _bspa _cCO-ViMGA |
||
| 043 | _as-ck--- | ||
| 082 | 0 | 4 |
_aC _bLEEt |
| 100 | 1 |
_aLee, Michelle. _9102 |
|
| 245 | 1 | 3 | _aLa trompa del camello / |
| 250 | _aEditora Mireya Fonseca Leal. | ||
| 260 | 3 |
_aBogotá : _bPanamericana Editorial, _c2011. |
|
| 300 |
_a28 p. : _bil. ; _c18 cm. |
||
| 534 |
_pTítulo original : _tThe camelþs nose. |
||
| 650 | 1 | 4 |
_aAmistad _v Cuentos infantiles. _9105 |
| 650 | 1 | 4 |
_aCuentos infantiles ingleses. _9103 |
| 650 | 1 | 4 |
_aLibros ilustrados para niños. _987 |
| 650 | 1 | 4 |
_aSolidaridad _v Cuentos infantiles. _9104 |
| 700 | 1 |
_aFonseca Leal, Mireya, _eed. _9107 |
|
| 700 | 1 |
_aKrome, Mike, _eil. _9106 |
|
| 942 |
_2ddc _cBK |
||
| 999 |
_c11996 _d11996 |
||